000 00870nam a22002297a 4500
005 20240530110915.0
008 220509s1983 ua a b b 000 0 ara d
017 _bمصر. دار الكتب
040 _aEG-CaGPL
_cEG-CaGPL
082 0 4 _221
_a810.971\
_bم م
100 0 _aمحمد طه الحاجرى
245 1 0 _aمرحلة التشيع فى المغرب العربى واثرها فى الحياة الادبية /
_cمحمد طه الحاجرى
250 _aط.1
260 _aالقاهرة :
_bدار النهضة العربية،
_c1983
300 _a151 ص. ؛
_c24 سم
650 0 7 _2qrmak
_aالادب العربى
650 0 7 _aالادب الشعبى
_zالمغرب
_2qrmak
650 0 7 _aالادب العربى
_xتاريخ ونقد
_2qrmak
_zالمغرب
651 _2qrmak
942 _2ddc
_cBK
999 _c66384
_d66384